| 000 | 00598nam a2200217Ia 4500 | ||
|---|---|---|---|
| 003 | GCL | ||
| 008 | 140319s9999 xx 000 0 ara d | ||
| 040 |
_aGCL / _cGCL |
||
| 082 | 0 | 4 |
_a001 _bف ع |
| 100 | 1 | _aسالم يفوث | |
| 245 | 1 | 0 |
_aحفريات المعرفة / _cسالم يفوث |
| 700 | 1 | _aفوكو، ميشال | |
| 260 |
_aبيروت : _bالمركز الثقافى العربى ، _c1987 |
||
| 300 |
_a192 ص ؛ _c23 سم |
||
| 490 | _a | ||
| 650 | 0 | 4 | _aالتاريخ |
| 650 | 0 | 4 | _aالمؤرخون |
| 650 | 0 | 4 | _aالمعرفة |
| 650 | 0 | 4 | _aمصادر |
| 942 |
_2ddc _cBK |
||
| 999 |
_c35617 _d35617 |
||